Исследование износостойкости образцов эластомера после проведения эксперимента по имитации спуско-подъемных операций; Проблемы геологии и освоения недр; Т. 2

Podrobná bibliografie
Parent link:Проблемы геологии и освоения недр: труды XXIII Международного симпозиума имени академика М. А. Усова студентов и молодых ученых, посвященного 120-летию со дня рождения академика К. И. Сатпаева, 120-летию со дня рождения профессора К. В. Радугина, Томск, 8-12 апреля 2019 г./ Национальный исследовательский Томский политехнический университет, Инженерная школа природных ресурсов ; гл. ред. А. С. Боев ; под ред. Е. Ю. Пасечник.— , 2019
Т. 2.— 2019.— [С. 466-468]
Hlavní autor: Щербаков Р. Э.
Korporativní autor: Национальный исследовательский Томский политехнический университет Инженерная школа природных ресурсов Отделение нефтегазового дела
Další autoři: Епихин А. В. Антон Владимирович (научный руководитель)
Shrnutí:Заглавие с экрана
Jazyk:ruština
Vydáno: 2019
Edice:Современные техника и технологии бурения скважин
Témata:
On-line přístup:http://earchive.tpu.ru/handle/11683/56313
Médium: MixedMaterials Elektronický zdroj Kapitola
KOHA link:https://koha.lib.tpu.ru/cgi-bin/koha/opac-detail.pl?biblionumber=630120

MARC

LEADER 00000naa2a2200000 4500
001 630120
005 20240130103021.0
035 |a (RuTPU)RU\TPU\conf\31007 
035 |a RU\TPU\conf\31002 
090 |a 630120 
100 |a 20191015d2019 k y0rusy50 ca 
101 0 |a rus 
102 |a RU 
105 |a y z 100zy 
135 |a drcn ---uucaa 
181 0 |a i  
182 0 |a b 
200 1 |a Исследование износостойкости образцов эластомера после проведения эксперимента по имитации спуско-подъемных операций  |f Р. Э. Щербаков, А. В. Епихин  |g науч. рук. А. В. Епихин 
203 |a Текст  |c электронный 
225 1 |a Современные техника и технологии бурения скважин 
300 |a Заглавие с экрана 
320 |a [Библиогр.: с. 468 (7 назв.)] 
461 1 |0 (RuTPU)RU\TPU\conf\30471  |t Проблемы геологии и освоения недр  |o труды XXIII Международного симпозиума имени академика М. А. Усова студентов и молодых ученых, посвященного 120-летию со дня рождения академика К. И. Сатпаева, 120-летию со дня рождения профессора К. В. Радугина, Томск, 8-12 апреля 2019 г.  |o в 2 т.  |f Национальный исследовательский Томский политехнический университет, Инженерная школа природных ресурсов ; гл. ред. А. С. Боев ; под ред. Е. Ю. Пасечник  |d 2019 
463 1 |0 (RuTPU)RU\TPU\conf\30475  |t Т. 2  |v [С. 466-468]  |d 2019 
610 1 |a труды учёных ТПУ 
610 1 |a электронный ресурс 
610 1 |a износостойкость 
610 1 |a эластомеры 
610 1 |a имитация 
610 1 |a растворы 
610 1 |a соли 
610 1 |a долговечность 
610 1 |a статоры 
610 1 |a спуско-подъемные операции 
700 1 |a Щербаков  |b Р. Э. 
701 1 |a Епихин  |b А. В.  |c специалист в области нефтегазового дела  |c старший преподаватель Томского политехнического университета  |f 1988-   |g Антон Владимирович  |3 (RuTPU)RU\TPU\pers\25759  |9 11655 
702 1 |a Епихин  |b А. В.  |c специалист в области нефтегазового дела  |c старший преподаватель Томского политехнического университета  |f 1988-   |g Антон Владимирович  |4 727 
712 0 2 |a Национальный исследовательский Томский политехнический университет  |b Инженерная школа природных ресурсов  |b Отделение нефтегазового дела  |3 (RuTPU)RU\TPU\col\23546 
801 2 |a RU  |b 63413507  |c 20191024  |g RCR 
856 4 |u http://earchive.tpu.ru/handle/11683/56313 
942 |c BK